000 01046nam a2200265Ia 4500
003 OSt
005 20220923211510.0
006 a|||||r|||| 00| 0
007 ta
008 220922b |||||||| |||| 00| 0 hin d
020 _a9789380146119 (hbk)
_c650
024 _a279,875
037 _b20310, 22/02/2014, Prashant Book Distributors
_cTextual
040 _aARTS
_cARTS
_bhin
041 _2hin
_ahin
082 _aV2y7M69, 152Q2.2
100 _aकुलकर्णी, सुमित्रा गांधी
_9160641
245 0 _aमहात्मा गांधी
_b मेरे पितामह
246 _ahinātmā gāandhī: mere pitāhina
260 _aनयी दिल्ली
_b किताबघर प्रकाशन
_c2012
490 _vभाग 2
650 _aविश्व-इतिहास
942 _hV2y7M69, 152Q2.2
_cTEXL
_2CC
999 _c300166
_d300166